Excel models for business and operations management /

Saved in:
Bibliographic Details
Main Author: Barlow, John F. (Author)
Format: Book
Language:English
Published: Hoboken, NJ : John Wiley, 2005.
Edition:2nd ed
Subjects:
Tags: Add Tag
No Tags, Be the first to tag this record!
LEADER 01406cam a2200325 i 4500
001 u72219
003 SIRSI
005 20210114120040.0
008 110131 eng
020 |a 0470015098  |q pbk. 
020 |a 9780470015094  |q pbk. 
050 |a HF5548.4.M523   |b .B37 2005 
100 1 |a Barlow, John F. ,  |e author  |9 137820 
245 1 0 |a Excel models for business and operations management /  |c John F. Barlow. 
250 |a 2nd ed 
264 1 |a Hoboken, NJ :  |b John Wiley,  |c 2005. 
300 |a xv, 415 pages :  |b illustrations ;  |c 24 cm. 
336 |a text  |b txt  |2 rdacontent 
337 |a unmediated  |b n  |2 rdamedia 
338 |a volume  |b nc  |2 rdacarrier 
596 |a 1 
650 0 |a Microsoft Excel (Computer file).  |9 1031 
650 0 |a Business   |x Mathematical models   |x Computer programs.  |9 135913 
650 0 |a Business   |x Decision making   |x Mathematical models   |x Computer programs.  |9 22598 
942 |c BOOK_OA 
997 |a 121294; 121293 
998 |a 1  |b Shafrizan Shafferi 
999 |c 130683  |d 130683 
952 |0 0  |1 0  |2 LCC  |4 0  |6 HF55484 M523 B37 02005  |7 0  |9 234870  |a UTHM_LIB  |b UTHM_LIB  |c OPENACCS  |d 2007-05-28  |g 247.17  |l 1  |m 1  |o HF5548.4.M523 .B37 2005  |p 1000190196  |r 2021-12-19  |s 2021-10-17  |t 1  |w 2020-12-05  |y BOOK_OA 
952 |0 0  |1 0  |2 LCC  |4 0  |6 HF55484 M523 B37 02005  |7 0  |9 234871  |a UTHM_LIB  |b UTHM_LIB  |c OPENACCS  |d 2007-05-28  |g 247.17  |l 0  |n 6  |o HF5548.4.M523 .B37 2005  |p 1000190195  |r 2020-12-05  |t 2  |w 2020-12-05  |y BOOK_OA